Spiderman Hero And Villains - Statistics

General Stats
  • This quiz has been taken 477 times
  • The average score is 14 of 55
Answer Stats
Hint Answer % Correct
Spider-Man
88%
Green Goblin
84%
Venom
77%
Doctor Octopus
70%
Electro
68%
Rhino
62%
Sandman
62%
Vulture
60%
Lizard
54%
Carnage
51%
Miles Morales
51%
Mysterio
47%
Hobgoblin
42%
Scorpion
42%
Black Cat
40%
Kingpin
39%
. Peter Parker
38%
Shocker
38%
Kraven The Hunter
36%
Spider Gwen
34%
Spider-Woman
28%
Spider-Man 2099
26%
Chameleon
24%
Tombstone
24%
Spider-Ham
19%
Hammerhead
18%
Prowler
17%
Spider-Man Noir
17%
Spot
16%
Hydro Man
15%
Spider-Girl
14%
Mister Negative
13%
Scarlet Spider
13%
Spider-Punk
13%
Silk
10%
Madame Web
8%
Scream
8%
Iron Spider
7%
Molten Man
6%
Amazing Spider-Man
2%
Andrewman
1%
Spectacular Spider-Man
1%
Spider-Rex
1%
Tobeyman
1%
Baron Mordo
0%
Blood Spider
0%
Lego Spider-Man
0%
Spiderling
0%
Spider-Man Future Foundation
0%
Spider-Man Ruins
0%
Spider May
0%
Spider X
0%
Steel Spider
0%
Venomized Spider-Man
0%
Zombie Spider-Man
0%
No matching quizzes found
Score Distribution
Percent of People with Each Score
Percentile by Number Answered
Your Score History
You have not taken this quiz